| 000 | 01986cam a22004454i 4500 | ||
|---|---|---|---|
| 003 | PE-LiUPU | ||
| 005 | 20250731172956.0 | ||
| 008 | 150623s r 000 0 d | ||
| 020 | _a9004098755 | ||
| 035 | _a(Sirsi) i9789004098756 | ||
| 040 |
_aPE-LiUPU _bspa _cPE-LiUPU _erda |
||
| 049 | _aPRUA | ||
| 082 | 0 | 4 |
_a221.66 _bT16 _221 |
| 100 | 1 |
_aTalmon, Shemaryahu, _eautor. |
|
| 245 | 1 | 0 |
_aLiterary studies in the Hebrew Bible : _bform and content, collected studies / _cShemaryahu Talmon. |
| 264 | 1 |
_aJerusalem : _bThe Magnes Press, The Hebrew University, _c1993. |
|
| 300 |
_a318 páginas ; _c24 centímetros |
||
| 336 |
_atext _2rdacontent |
||
| 337 |
_aunmediated _2rdamedia |
||
| 338 |
_avolume _2rdacarrier |
||
| 505 | 0 | _aThe comparative method in boblical interpretation: principles and problems. -The "Navel of the earth" and the comparative method. -Biblical and Ugaritic RPU/I(M). -Did there exist a biblical national epic?. -The presentation of synchoroneity and simultaneity in biblical narrative. -Polemics and apology in biblical historiography: 2 king 17: 24-41. -Eschatology and history in biblical thought. -The concept of revelation in biblical times. -the desert motif in the bible and in Qumran Literature. -"Wisdom" in the book of Esther. | |
| 526 | _aSEG42 | ||
| 526 | _aSEG41 | ||
| 526 | _aSEG40 | ||
| 526 | _aSEG39 | ||
| 526 | _aP94 | ||
| 526 | _aP87 | ||
| 526 | _aP86 | ||
| 526 | _aP85 | ||
| 526 | _aP77 | ||
| 526 | _aP76 | ||
| 526 | _aP35 | ||
| 630 |
_aBiblia. _pA.T. _xCrítica, interpretación, etc. |
||
| 942 |
_2ddc _cBOOK |
||
| 949 |
_a221.66 T16 _wDEWEY _c1 _i45340 _lCCODEBUL1 _mBUL _r0 _sY _tBOOK _u2015-6-24 _xTEOLOGIA _PP35 _0COMPRA _o.STAFF. Colección General |
||
| 994 |
_aC0 _bPEPRU |
||
| 596 | _a1 | ||
| 999 |
_a221.66 T16 _wDEWEY _c22201 _i45340 _e2017-5-24 _f2021-11-9 _g5 _lCCODEBUL1 _mBUL _n1 _r0 _sY _tBOOK _u2015-6-24 _xTEOLOGIA _PP35 _0COMPRA _o.STAFF. Colección General _d22201 |
||
| 980 |
_81 _gALBERTO SANCHEZ Responsable de Automatización |
||